000 00198nam a2200085Ia 4500
008 170620s9999 xx 000 0 und d
100 _aKUMAR- ATAL
245 0 _aTAXATION LAWS
260 _bCENTRAL LAW PUBLICATION
260 _c2015
999 _c30507
_d30507